Symphonies & rehearsal and talks

Hlavní autor: Stravinsky, Igor, 1882-1971
Korporativní autor: Columbia Symphony Orchestra
Další autoři: Iseler, Elmer, 1927-1998, CBC Symphony Orchestra
Jazyk: Latina
Vydáno: [S.l.] : Sony Music Entertainment, p1991
Edice: Igor Stravinsky edition
Témata:
Fyzický popis: 2 CD : ADD ; 12 cm + 1 brožura (16 s.).
Zvukové nahrávky
Uloženo v:
LEADER 01632njm a2200409 a 4500
001 000332325
003 CZ BrMZK
005 20210503104732.0
008 010907s1991 xx f lat d
028 0 3 |a 46290/8, 46290/9  |b Sony Music Entertainment 
040 |a BOA001  |b cze 
080 |a 78.082.1"19"(086.7)  |2 MRF 
100 1 |a Stravinsky, Igor,  |d 1882-1971  |7 jn19992001136  |4 cmp 
245 1 0 |a Symphonies & rehearsal and talks  |h [zvukový záznam] /  |c Igor Stravinsky. 
246 3 3 |a Symphony in C 
246 3 3 |a Symphony in E flat 
246 3 3 |a Symphony in three movements 
246 3 3 |a Symphony of psalms 
246 3 3 |a Portrait of Stravinsky 
260 |a [S.l.] :  |b Sony Music Entertainment,  |c p1991 
300 |a 2 CD :  |b ADD ;  |c 12 cm +  |e 1 brožura (16 s.). 
306 |a 011008  |a 011356 
490 1 |a Igor Stravinsky edition ;  |v vol. 4 
500 |a Durata 73:56, 70:08 
500 |a text v brož. vícejaz. 
500 |a Nahr. 1966, 1964, 1961, 1962, 1963 
505 2 |a Symphony in E flat, Portrait of Stravinsky, Symphony in three movements ... [et al.] 
511 0 |a Festival Singers of Toronto, sbm. Elmer Iseler; CBC Symphony Orchestra; Columbia Symphony Orchestra, dir. Igor Stravinsky 
653 0 |a CD  |a symfonie 
700 1 |a Iseler, Elmer,  |d 1927-1998  |7 xx0162562  |4 cnd 
710 2 |a Columbia Symphony Orchestra  |7 mzk2004218531 
710 2 |a CBC Symphony Orchestra  |7 mzk2004218523 
830 0 |a Igor Stravinsky edition 
910 |a BOA001  |b CD-0006.197 
964 |a Symfonie  |z stol.20.,pol.1.  |x CD 
990 |a AV 
996 6 |b 261H006510  |c CD-0006.197  |l MZK  |r Sklad / do 24 hodin  |n 0  |w 000332325  |u 000010  |a 1  |e BOA001  |j MZK50  |s P